Формирование и оценка эксплуатационных запасов пресных подземных вод

Podrobná bibliografie
Hlavní autor: Штенгелов Р. С. Ростислав Степанович
Jazyk:ruština
Vydáno: Москва, Недра, 1988
Témata:
Médium: MixedMaterials Kniha
KOHA link:https://koha.lib.tpu.ru/cgi-bin/koha/opac-detail.pl?biblionumber=258509

MARC

LEADER 00000nam0a2200000 4500
001 258509
005 20231101233314.0
010 |a 5247001575 
035 |a (RuTPU)RU\TPU\book\281376 
090 |a 258509 
100 |a 20140425d1988 k y0rusy50 ca 
101 0 |a rus 
102 |a RU 
105 |a a z 001zy 
200 1 |a Формирование и оценка эксплуатационных запасов пресных подземных вод  |f Р. С. Штенгелов 
210 |a Москва  |c Недра  |d 1988 
215 |a 231 с.  |c ил. 
320 |a Библиогр.: с. 228-230. 
606 1 |a Воды подземные  |x Формирование  |x Оценка  |2 stltpush  |3 (RuTPU)RU\TPU\subj\3195  |9 31649 
610 1 |a запасы 
610 1 |a классификация 
610 1 |a месторождения 
610 1 |a методы оценки 
610 1 |a качество 
610 1 |a прогнозирование 
675 |a 556.382  |v 3 
700 1 |a Штенгелов  |b Р. С.  |g Ростислав Степанович 
801 1 |a RU  |b 63413507  |c 20140425 
801 2 |a RU  |b 63413507  |c 20140924  |g RCR 
942 |c BK